[Event "Gashimov Memorial-A 1st"]
[Site "Shamkir"]
[Date "2014.04.20"]
[Round "1"]
[White "Carlsen, Magnus"]
[Black "Mamedyarov, Shakhriyar"]
[Result "1-0"]
[WhiteElo "2881"]
[BlackElo "2760"]
[Annotator "Krasenkow,M"]
[PlyCount "93"]
[EventDate "2014.04.20"]
[EventType "tourn"]
[EventRounds "10"]
[EventCountry "AZE"]
[EventCategory "22"]
[SourceTitle "CBM 160"]
[Source "ChessBase"]
[SourceDate "2014.05.15"]
[SourceVersion "1"]
[SourceVersionDate "2014.05.15"]
[SourceQuality "1"]

1. d4 d5 2. c4 c6 3. Nf3 Nf6 4. Nc3 e6 5. Bg5 Nbd7 6. e3 Qa5 7. cxd5 Nxd5 8.
Rc1 {This rare continuation has recently become quite popular.} Nxc3 ({White
meets} 8... Bb4 {with} 9. a3 Bxc3+ 10. bxc3 {sacrificing his a3-pawn but
getting good compensation: the bishop pair and a strong centre.}) 9. bxc3 Ba3 (
9... Qxa2 10. Bd3 Bd6 11. O-O Qa5 12. c4 $44 {E.Postny}) 10. Rc2 b6 (10... O-O
11. Bd3 e5 {is another way to activate the c8-bishop. In the following game
Black obtained a decent position:} 12. O-O Re8 13. e4 Be7 14. Be3 Qc7 15. h3 b5
16. Nh2 Bb7 17. f4 c5 $1 18. fxe5 c4 19. Be2 Bxe4 20. Rb2 Qc6 $13 {1/2 (51)
Vovk,Y (2608)-Antipov,M (2488) Riga 2013}) 11. Be2 (11. Bd3 {is more common
but a way to pose any problems to Black is yet to be found:} Ba6 12. O-O Bxd3
13. Qxd3 O-O 14. c4 (14. e4 Rfe8 15. e5 $6 (15. Bf4 $142 {E.Postny}) 15... h6
16. Bh4 c5 17. Nd2 cxd4 18. cxd4 Rac8 $1 19. Nc4 Qb5 20. f4 Rc7 21. Qxa3 Rxc4
22. Rxc4 Qxc4 23. Bf2 Qc7 24. Rc1 Qb7 25. Qd6 Nf8 $11 {0-1 (57) Gelfand,B 
(2740)-Carlsen,M (2872) London 2013 CBM 154 [Postny,E]}) (14. Rb1 Rfe8 15. Bh4
Rac8 16. c4 Bd6 17. Ng5 Qf5 18. Qxf5 exf5 19. Bg3 Bxg3 20. hxg3 c5 21. Nf3 Nf6
22. Kf1 Ne4 $11 {1/2 (85) Moiseenko,A (2703)-Dreev,A (2679) Jakarta 2013})
14... h6 15. Bh4 (15. Bf4 $5 {E.Postny}) 15... Rfe8 16. Nd2 (16. e4 e5 17. d5
Nc5 18. Qe2 Qa4 $11 {1/2 (38) Malakhatko,V (2548)-Michiels,B (2489) Antwerp
2011}) (16. Rd1 $5 {E.Postny}) 16... Be7 17. Bxe7 Rxe7 18. c5 bxc5 19. Nb3 Qa4
{1/2 (19) Cmilyte,V (2525)-Gurevich,M (2596) Konya 2012} 20. Nxc5 Nxc5 21. Rxc5
Qxa2 22. Rxc6 a5 $11) 11... Ba6 12. O-O Bxe2 13. Qxe2 O-O {White has a pawn
advantage in the centre but it should not worry Black too much as he has good
development and prospects of counterplay with ...e6-e5 or ...c6-c5.} 14. e4
$146 (14. Rd1 Rfe8 (14... e5 $5) 15. Bf4 (15. e4 Rac8 16. Bf4 {preventing ...
e6-e5} c5 17. Nd2 b5 (17... cxd4 $142 18. Nc4 Qa6 $11) 18. dxc5 Nxc5 19. Nb1 e5
20. Bg3 a6 21. c4 b4 22. Rd5 Qa4 23. f3 b3 24. axb3 Qxb3 25. Nxa3 Qxa3 26. Bf2
Ne6 27. g3 $14 {1/2 (61) Cmilyte,V (2515)-Dreev,A (2673) Caleta ENG 2014})
15... Rac8 16. c4 Be7 17. e4 {looks formidable but Black finds a way to create
counterplay:} Qa4 18. h3 Nf8 19. Be3 Ng6 20. g3 c5 21. d5 exd5 22. Rxd5 Bf6 23.
Qd3 Ne7 24. Rd6 Nc6 25. a3 Be5 26. Rd5 Bc7 27. Kg2 Ne7 28. Rd7 Nc6 29. Rd5 Ne7
30. Rd7 Nc6 {1/2 (30) Tomashevsky,E (2697)-Dreev,A (2670) Loo RUS 2014}) (14.
Bf4 $5 {- this move order is yet to be tried.}) 14... Rac8 $6 {I don't like
this standard move. What's its idea? After ...c6-c5 White plays d4-d5 anyway,
and the c-file remains closed.} (14... c5 15. d5 $36) (14... Rfe8 $5 {[%cal
Ge8e2,Yc6c5]}) 15. e5 {[%mdl 32] The same plan as in Gelfand - Carlsen (see
above) but White's queen is placed on e2 better than on d3.} Qa4 {Black
prevents Nf3-d2 (-c4 or e4).} (15... c5 $2 16. d5 $1 exd5 17. e6 fxe6 18. Qxe6+
Rf7 19. Ne5 $18 {E.Gleizerov}) 16. c4 Rfe8 ({Perhaps it was slightly more
accurate to play} 16... h6 {first:} 17. Bh4 (17. Be3 Rfd8 {[%cal Yd7f8]}) 17...
Rfe8 {[%cal Yd7f8,Yf8g6]}) 17. Rd1 c5 ({Probably it was better to wait:} 17...
Nf8 {But that means that the initiative belongs to White.}) 18. d5 {[%csl Ra3]}
exd5 19. Rxd5 (19. cxd5 $1 {was more energetic:} Nxe5 20. Nxe5 Rxe5 21. Qxe5
Qxc2 22. Re1 $44 {[%csl Gd5] E.Gleizerov}) 19... Nf8 (19... Nb8 $142 {[%cal
Yb8c6] to keep the e5-pawn under fire (recommended by E.Gleizerov). The
position remains unclear in that case.}) 20. h4 h6 21. Be3 Ng6 $6 {This
position of the knight is unsafe in view of h4-h5.} (21... Rc7 $142 {[%cal
Yc7e7] The knight can pick its way out later on.}) 22. Qd3 $1 {Preventing ...
Ng6-e7-f5.} Re6 (22... Nf8 {(admitting his mistake)} 23. h5 $36 {[%cal Yf3h4,
Yh4f5]} Rcd8 $5 {was probably a better possibility.}) 23. h5 Ne7 24. Rd6 {
Carlsen plays in a positional manner. The rook exchange on e6 weakens Black's
pawn structure.} (24. Rd8+ {was better but required accurate calculation:} Rxd8
25. Qxd8+ Kh7 26. Rd2 Bc1 (26... Qxc4 $2 27. Bxh6 $1 gxh6 28. Qf8 {[%cal Rf8f7,
Rd2d8]}) 27. Rd7 Bxe3 28. fxe3 Qxa2 29. Rxe7 Rxe7 30. Qxe7 Qxc4 31. Qxa7 b5 32.
Qa6 {, and White should win as} Qc1+ 33. Kh2 b4 {doesn't work due to} 34. Qd3+
Kg8 35. e6 $1 fxe6 36. Qd8+ Kh7 37. Ne5 {[%cal Re5g6]}) 24... Bb4 25. Rc1 Re8
26. Rxe6 fxe6 27. Nh4 {[%cal Yg2g4,Yg4g5,Yh4g6]} Qc6 (27... Qxa2 $2 28. Qd7 Kf7
29. Ng6 {[%cal Rg6f4]} Qa6 30. Rd1 {[%cal Yd1d3,Ye3h6,Yd3f3]} Qc8 31. Qxa7 $18
{[%cal Yd1d7] E.Gleizerov}) 28. a3 Ba5 29. Rd1 Qc7 30. Ng6 Nxg6 31. Qxg6 Qf7
32. Rd3 $1 {Preventing ...Ba5-c3. White is practically a piece up.} a6 (32...
Qxg6 33. hxg6 Kf8 34. Kf1 Ke7 35. Bf4 $1 {[%cal Yf4g3,Yg3h4] , and Black is
completely helpless}) 33. a4 Rf8 34. g4 {The advance of the kingside pawns
decides the game.} Qe8 $6 35. Rd6 Qxa4 (35... Qxg6 36. hxg6 Re8 37. f4 $18) 36.
Qxe6+ Kh8 37. Bxh6 $1 {White accurately calculates that Black's subsequent
rook sacrifice doesn't give him a perpetual.} Qa1+ 38. Kg2 Rxf2+ 39. Kxf2 Qe1+
40. Kg2 Qe4+ 41. Kh3 Qh1+ 42. Kg3 Qe1+ (42... Be1+ 43. Kf4 Qh2+ 44. Kg5 Bh4+
45. Kg6 Qc2+ 46. Qf5 $18) 43. Kf4 Bd2+ 44. Rxd2 Qxd2+ 45. Kf5 gxh6 46. Qe8+ Kg7
47. Qe7+ (47. Qe7+ Kg8 48. Kg6 Qd3+ 49. Kxh6 Qe3+ 50. g5 $18) 1-0

[Event "Shanghai Masters"]
[Site "Shanghai"]
[Date "2010.09.03"]
[Round "1"]
[White "Kramnik, Vladimir"]
[Black "Shirov, Alexei"]
[Result "1/2-1/2"]
[WhiteElo "2780"]
[BlackElo "2749"]
[Annotator "Krasenkow,M"]
[PlyCount "115"]
[EventDate "2010.09.03"]
[EventType "tourn"]
[EventRounds "6"]
[EventCountry "CHN"]
[EventCategory "21"]
[SourceTitle "CBM 138"]
[Source "ChessBase"]
[SourceDate "2010.09.17"]
[SourceVersion "1"]
[SourceVersionDate "2010.09.17"]
[SourceQuality "1"]

1. d4 d5 2. c4 c6 3. Nf3 Nf6 4. Nc3 e6 5. Bg5 Nbd7 6. e3 Qa5 7. cxd5 Nxd5 8.
Qd2 Bb4 9. Rc1 h6 10. Bh4 c5 11. a3 Bxc3 12. bxc3 b6 13. c4 (13. Bd3 Ba6 {
(another theoretical line) is rather comfortable for Black;} 14. c4 Qxd2+ 15.
Nxd2 $6 {can now be met with} cxd4 $1 16. exd4 Nf4) 13... Qxd2+ 14. Nxd2 Ne7 $1
{The most accurate retreat.} ({After} 14... N5f6 {the black knights rather
disturb each other although it is not easy for White to exploit. Here are some
examples:} 15. Be2 (15. f3 Ba6 (15... Bb7 16. Bd3 Rd8 17. Ke2 O-O 18. Nb3 Rc8
19. a4 Rfe8 20. a5 cxd4 21. Nxd4 Ne5 {1/2 Sedlak,N (2512)-Pinter,J (2526)/
Sibenik 2005/CBM 108 ext}) (15... O-O 16. Bd3 Ba6 17. O-O Rfe8 18. Rfd1 Rac8
19. Bb1 Bb7 20. Bc2 Nb8 21. Ba4 Red8 22. dxc5 {1/2 Romanov,E (2600)-Grachev,B 
(2667)/Dagomys 2010/CBM 136}) 16. Bg3 O-O 17. Nb3 Rfd8 18. Be2 Rac8 19. Kf2
cxd4 20. exd4 Nh5 21. Bd6 Nb8 22. Bb4 Nf4 23. Bf1 Nc6 24. Bc3 Ng6 $11 {1-0
L'Ami,E (2516)-Mueller,M (2362)/Germany 2005/CBM 106/[Mueller,Karsten] (82)})
15... Bb7 16. O-O (16. f3 $5 Ke7 17. O-O Rhd8 18. Rc2 Rac8 19. Rfc1 Bc6 20. Nb1
Nf8 21. Bf2 N8d7 22. Nc3 a6 23. a4 a5 24. Rb2 $14 {1-0 Babula,V (2597)-Ashton,
A (2303)/Pardubice 2008/CBM 125 Extra (57)}) 16... O-O (16... Rc8 17. a4 (17.
Rfd1 $5) 17... cxd4 18. exd4 Ke7 19. a5 Rhd8 20. Ra1 Nb8 21. axb6 axb6 22. Ra7
$6 Rd7 23. d5 $5 g5 24. Bg3 exd5 25. f4 Nc6 26. Ra3 Nd4 $13 {1/2 Makovsky,P 
(2501)-Vitolins,E (2454)/ICCF WS 2006/ICCF CBM 132 (64)}) 17. f3 (17. Rfd1 $5
Rac8 18. f3 Rfe8 19. Bf1 Bc6 20. Nb1 cxd4 21. exd4 e5 22. Nc3 exd4 23. Rxd4 Nc5
24. Rcd1 Re3 25. Be1 Ne6 26. Rd6 Ne8 27. R6d3 Rxd3 28. Rxd3 Nc5 29. Rd4 $14 {
1-0 Ivanisevic,I (2628)-Mastrovasilis,D (2580)/Budva 2009/CBM 130 (79)}) 17...
Rfd8 (17... cxd4 18. exd4 e5 19. c5 $1 bxc5 20. dxe5 Rfe8 {1/2 Grischuk,A 
(2719)-Filippov,V (2639)/Tripoli 2004/CBM 102 (60)} 21. f4 $16) (17... Rfe8 18.
Rfe1 Rac8 19. Bf1 Bc6 20. h3 Bb7 21. Bg3 Red8 22. Nb1 Ba6 23. Red1 cxd4 24.
exd4 Nb8 25. a4 Nc6 26. Bf2 e5 27. d5 Na5 28. Na3 Nd7 29. Nb5 $14 {1/2
Vaganian,R (2600)-Krasenkow,M (2668)/Barcelona 2007/CBM 121 (36)}) 18. Rfd1
Rac8 19. a4 g5 20. Bf2 Ne8 21. Nb3 cxd4 22. exd4 Nd6 23. Bf1 Ba6 24. Nd2 Nb8
25. c5 Bxf1 26. Kxf1 Nf5 27. Nc4 $14 {0-1 Bareev,E (2707)-Fressinet,L (2591)/
Cannes 2002/CBM 088/[Tsesarsky] (42)}) 15. Bd3 $5 {A rare but senseful
continuation, with the idea not to allow the black knight to f5.} (15. f3 {
[%cal Yh4f2] is usually played. The arising positions are nearly equal but
minor mistakes can cause trouble for Black:} Ba6 (15... Bb7 16. Be2 Nf5 (16...
Rc8 17. O-O cxd4 18. exd4 e5 19. d5 Nf5 20. Bf2 Nd6 21. a4 Ke7 22. a5 $14 {
1-0 Jovanic,O (2533)-Gjuran,D (2358)/Nova Gorica SLO 2010/The Week in Chess
796 (37)}) 17. Bf2 Rc8 18. O-O O-O 19. a4 Rfd8 20. Rfd1 $14 {0-1 Haba,P (2525)
-Fridman,D (2569)/playchess.com INT 2005/CBM 105 ext (?)}) (15... Nf5 16. Bf2
Nd6 (16... Bb7 17. Bd3 Nd6 18. Nb3 Ke7 19. Ke2 Rac8 20. dxc5 Nxc5 21. Nxc5 bxc5
22. e4 f6 {1/2 Volokitin,A (2674)-Asrian,K (2621)/Moscow 2008/CBM 123}) (16...
Ba6 17. Bd3 (17. Be2 Nd6) 17... Rc8 (17... Ke7 18. O-O (18. Ke2 Rhd8 19. g4 Nd6
20. Bg3 Nb7 21. Rhd1 Rac8 22. Nb3 Nb8 23. h4 cxd4 24. exd4 Nc6 25. Ke3 Nba5 $11
{1/2 Ruck,R (2574)-Kovacevic,B (2472)/Murska Sobota 2008/CBM 127 Extra (30)})
18... Rhd8 (18... Nd6 19. Rfe1 Rac8 20. g4 h5 21. h3 hxg4 22. hxg4 e5 23. Bg3
f6 24. a4 Nb7 25. Bf5 Rcd8 26. Rc2 Rhe8 27. Ne4 $14 {1-0 Bacrot,E (2721)
-Breutigam,M (2391)/Mainz 2009/CBM 131 Extra (36)}) 19. Rfd1 Rac8 20. a4 Nd6
21. Bf1 e5 22. d5 f5 23. Rc2 Rb8 24. Bg3 g5 $132 {1/2 Carlsen,M (2770)
-Ivanchuk,V (2746)/Leon 2009/CBM 130 Extra (48)}) 18. g4 Nd6 19. Bg3 Ke7 (19...
Nb7 $5 20. Kf2 Ke7 21. Nb3 Rhd8 22. Rhd1 Nb8 23. Bf1 cxd4 24. exd4 Nc6 25. d5
Nca5 $11 {1/2 Ivanov,S (2551)-Baburin,A (2541)/Stockholm 2009/CBM 130 Extra 
(41)}) 20. Kf2 Rhd8 21. Rhd1 Nb8 22. h4 (22. Be2 Nb7 23. Nb3 cxd4 24. Nxd4 Nc6
25. Nb5 Rxd1 26. Rxd1 Rd8 27. Rxd8 Kxd8 28. Nd6 Ke7 29. Nxb7 Bxb7 30. Ke1 f6
31. Kd2 {1/2 Eljanov,P (2716)-Malakhov,V (2689)/Helsingor 2008/CBM 125 Extra})
22... Nb7 23. d5 exd5 24. Bf5 Nd7 25. cxd5 g6 26. Bb1 c4 27. h5 $14 {1-0
Potkin,V (2613)-Malakhov,V (2675)/Serpukhov 2008/EXT 2009 (58)}) (16... cxd4 $5
{needs checking:} 17. exd4 e5 18. dxe5 Nxe5 19. c5 O-O 20. Be2 Rd8 21. Nc4 Nd3+
22. Bxd3 Rxd3 23. cxb6 Ba6 24. O-O {1/2 Smeets,J (2669)-Illescas Cordoba,M 
(2591)/Sestao ESP 2010/The Week in Chess 825}) 17. Be2 {After 15.f3, this
square is probably more appropriate for the white bishop than d3. It doesn't
obstruct the d-file.} (17. Bd3 Ba6 18. Ke2 f6 19. Rc2 Rc8 20. Rhc1 Kf7 21. Ne4
{1/2 Savu,I-Balabaev,F (2286)/ICCF WS 2005/ICCF CBM 125}) 17... Ba6 18. O-O Ke7
19. Rc2 Rhc8 20. Rfc1 Nb7 {Pay attention to the manoeuvring of this knight!}
21. Nb3 Nd8 22. Kf1 f6 23. Bg3 Bb7 24. Bd3 Bc6 25. Rb2 Nb7 26. h4 Rd8 27. Be2
Rac8 28. Bf2 Ba4 $11 {1/2 Lputian,S (2629)-Kveinys,A (2510)/Gothenburg 2005/
CBM 109 (51)}) 16. Be2 Rc8 17. O-O Nf5 18. Bf2 Ke7 (18... O-O $142 {A.Grischuk}
) 19. Rfe1 g5 20. Bf1 Nd6 21. a4 Rhd8 22. Rc3 Nf6 (22... Nb7 $5) 23. Rc2 $1 Nd7
24. Rec1 Nb8 25. a5 $14 {1-0 Grischuk,A (2710)-Dreev,A (2704)/Poikovsky 2005/
CBM 106/[Erenburg] (35)}) 15... f5 {Probably a bit premature.} (15... Bb7 16.
O-O Rc8 17. f3 (17. Bg3 $5) 17... f6 18. Bf2 h5 19. Nb1 Ba6 20. Rfd1 Kf7 21.
Nc3 f5 22. Ne2 cxd4 23. exd4 h4 24. Be3 h3 25. Bg5 hxg2 26. Nf4 Ng6 27. Nxg6
Kxg6 28. h4 e5 $11 {1/2 Antic,D (2512)-Fontaine,R (2526)/Vrnjacka Banja 2005/
EXT 2006 (37)}) 16. Bg3 Bb7 17. O-O Kf7 18. Rfd1 Rac8 19. d5 $5 {[%mdl 640] A
sudden turn: White sacrifices a pawn to start an attack against Black's
uncastled king.} Nf6 (19... exd5 20. cxd5 Bxd5 21. Nc4 Ke6 $6 22. f3 {[%cal
Ye3e4]}) 20. f3 $5 exd5 21. cxd5 Bxd5 22. e4 fxe4 23. fxe4 c4 $2 {A human
decision but the position now opens up even more - in favour of the white
bishops.} (23... Be6 $142 24. Nc4 Kg8 $5 25. a4 $1 Rd8 $13 {Despite White's
obvious compensation (Black's Rh8 is temporarily out of play), it is not easy
for him to continue his attack.}) 24. Nxc4 Nxe4 25. Bxe4 $6 {Missing} (25. Re1
$1 Nxg3 (25... Kg8 26. Bxe4 Bxc4 27. Bd6 $18) 26. Nd6+ Kf6 27. Nxc8 Rxc8 (27...
Nxc8 28. hxg3 {[%cal Yc1c7]}) 28. Rxc8 Nxc8 29. hxg3 {, and White should
convert his extra exchange.}) 25... Bxc4 26. Rd7 Bb5 $1 {[%mdl 256] The only
way for Black to co-ordinate his pieces.} 27. Bd5+ (27. Rxc8 Rxc8 28. Rxa7 Bc6
$5 29. Bd6 $140 Ke6 $1) 27... Kg6 28. Rxc8 Nxc8 29. Rc7 Rd8 30. Bb3 (30. Bf3
Re8 31. Bg4 Ne7 32. Rxa7 Nd5 $14) 30... Kf6 $1 {The black king defends itself!
In such situations it often resembles an ice hockey goalkeeper.} 31. Rf7+ Kg6
32. Rc7 Kf6 33. Be1 g5 34. Bc3+ Kf5 35. Bc2+ Ke6 36. Rh7 Nd6 37. Rxh6+ Kd5 38.
Rg6 Ne4 39. Bb4 (39. Bxe4+ $142 Kxe4 40. Rxg5 {with good winning chances,
despite the opposite-coloured bishops, due to White's connected passed pawns
on the kingside.}) 39... Rc8 40. Bxe4+ {White has nothing else anyway but...}
Kxe4 41. Rxg5 {[%mdl 4096]} Rc1+ 42. Kf2 Rc2+ {That's the difference! White's
king must now retreat to the 1st rank, which gravely complicates his task.} 43.
Ke1 (43. Kg3 $6 Bf1 $1 44. Rg4+ Ke3 45. Kh3 Rxg2 $1 46. Rxg2 Kf3 $11) 43... Bd3
44. h4 a5 45. Bd6 (45. Be7 Ke3 (45... Re2+ 46. Kf1) 46. Rg3+ Kd4 47. Bf6+ Kc4
$132) 45... Ke3 46. Rg3+ Kd4 47. Bf4 (47. Rg4+ $142 Kc3 {but White can hardly
win anyway.}) 47... Re2+ 48. Kd1 Ra2 49. h5 (49. Bd6 Ra1+ 50. Kd2 Ra2+ 51. Kc1
Ra1+ 52. Kb2 Rb1+ 53. Ka2 Re1 $11 {[%cal Rd4c3]}) 49... Be2+ 50. Ke1 Bxh5 51.
Be3+ Kc4 52. Bxb6 a4 {The lone g-pawn is not dangerous for Black.} 53. Ba5 Bf7
54. Bd2 Bd5 55. Rg4+ Kd3 56. Rg3+ Kc4 57. Rg4+ Kd3 58. Rg3+ 1/2-1/2

[Event "Olympiad-37"]
[Site "Turin"]
[Date "2006.05.23"]
[Round "3"]
[White "L'Ami, Erwin"]
[Black "Esen, Baris"]
[Result "1-0"]
[WhiteElo "2565"]
[BlackElo "2420"]
[Annotator "L'Ami,E"]
[PlyCount "77"]
[EventDate "2006.05.21"]
[EventType "team-swiss"]
[EventRounds "13"]
[EventCountry "ITA"]
[SourceTitle "CBM 113"]
[Source "ChessBase"]
[SourceDate "2006.07.31"]
[SourceVersion "1"]
[SourceVersionDate "2006.07.31"]
[SourceQuality "1"]
[WhiteTeam "Netherlands"]
[BlackTeam "Turkey"]
[WhiteTeamCountry "NED"]
[BlackTeamCountry "TUR"]

1. Nf3 Nf6 2. c4 e6 3. d4 d5 4. Nc3 c6 5. Bg5 Nbd7 6. e3 Qa5 {A tricky opening
choice from my opponent. Previously I hadn't shown much in this line in my
games against Mueller and Gurevich.} 7. cxd5 Nxd5 8. Qd2 Bb4 9. Rc1 O-O 10. a3
$5 Bxc3 11. bxc3 f6 ({This move is not very flexible and I would therefore
prefer} 11... Qxa3 {. The game Lima-Limp, Santos Mario Covas 2001 continued}
12. e4 N5b6 13. Bd3 f6 14. Bh4 e5 15. O-O Re8 16. Bg3 Qe7 {and now} 17. Nh4 $5
{looks like a good way to proceed.}) 12. Bh4 Qxa3 13. e4 Ne7 14. Bd3 b5 15. O-O
Ng6 16. Bg3 Nb6 17. h4 $5 {White has to play energetically!} Nh8 $1 {On f7 the
knight will do an excellent job.} 18. h5 Nf7 19. e5 f5 20. Bh4 {Liberating the
g-pawn and taking the e7-square away from the Black queen.} Re8 ({After} 20...
Nd5 21. c4 bxc4 22. Bxc4 {White has decent compensation for the pawn.}) 21. g4
$5 a5 $6 ({Black defended very carefully so far but this moves seems a bit too
optimistic. White has great attacking chances after} 21... fxg4 22. Nh2 Nd5 23.
Nxg4 h6 24. Kh2 $40) ({but} 21... Nd5 $1 {is a much harder nut to crack:} 22.
gxf5 exf5 23. Kh1 Kh8 24. Rg1 a5 {with chances for both sides, but probably
more for Black.}) 22. gxf5 exf5 23. Kh2 {The tempo Black lost with 21...a5
gives White just enough time to crash through.} Nh6 24. Rg1 Ng4+ 25. Rxg4 $1
fxg4 26. Bxh7+ (26. Ng5 {would only lead to a draw after} h6 27. Bh7+ Kh8 28.
Nf7+ Kxh7 29. Qd3+ Kg8 30. Nxh6+ {as indicated by Gert Ligterink in the Dutch
newspaper de Volkskrant.}) 26... Kh8 ({Taking the bishop with} 26... Kxh7 {
was not allowed;} 27. Ng5+ Kg8 (27... Kh8 28. Qd3 g6 29. Nf7+ Kg8 30. Qxg6+ Kf8
31. Nh6 {leads to mate.}) 28. Qc2 $1 {(taking the b3-square from the black
queen)} Kf8 29. Qg6 Re7 ({or} 29... Qa2 30. Nh7+ Kg8 31. Nf6+ Kf8 32. Qxe8#) (
29... Be6 30. h6 $1 {with a mating attack.}) 30. Nh7+ Kg8 31. h6 Bf5 32. Nf6+
Kh8 (32... Kf8 {fails to} 33. Qxf5 gxf6 34. Qxf6+ Ke8 35. Ra1 $1) 33. hxg7+
Rxg7 34. Qxf5 {and again Black is being mated.}) 27. Bg6 $2 ({A serious
inaccuracy. Much better is} 27. Be4 $1 {and now:} Qf8 (27... gxf3 {leads to
immediate disaster after} 28. Bf6 $1) (27... Ra7 28. Qg5 $1 {with clear
intentions!} Qf8 (28... gxf3 29. Qg6 $18) 29. Qg6 Qg8 30. Ng5 Ree7 31. h6 {
and I dont believe Black should be able to hold on.}) 28. h6 $1 Ra7 (28... g5
29. Bxg5 gxf3 30. Bf6+ Qxf6 31. exf6 Rxe4 32. Qg5 Rg4 33. Qe5 {with a huge
advantage.}) (28... Re6 29. hxg7+ Qxg7 30. Ng5 ({and not} 30. Bf6 Rxf6 31. exf6
Qxf6 32. Ne5 Be6 33. Bxc6 Bd5 34. Bxd5 Nxd5 {when Black is slightly better.})
30... Rg6 31. f4 $5 (31. Bxg6 Qxg6 32. Ne4 Nd5 {is not clear at all.}) 31...
Rh6 (31... gxf3 {asks to much from the position} 32. Bxg6 Qxg6 33. Rg1 f2 34.
Qxf2 Qf5 35. Qe3 Ra7 36. Ne4 Rg7 37. Qh6+ Qh7 38. Qxg7+ Qxg7 39. Bf6 {winning.}
) 32. Kg3 {with great play for only one exchange.}) 29. hxg7+ (29. Rh1 $5)
29... Rxg7 30. Bf6 Kg8 ({nor does} 30... Nd5 31. Qh6+ Kg8 32. Bxg7 Qxg7 33.
Qxc6 {give any salvation.}) 31. Qh6 Nd7 32. Qxg7+ Qxg7 33. Bxg7 Kxg7 34. Nh4 {
with a very comfortable ending for White.}) 27... Rf8 28. Ng5 (28. Bf6 {
is met with} Rxf6 $1 (28... Kg8 29. Bh7+ Kh8 30. Bg6 $11) 29. exf6 Qd6+ 30. Ne5
Qxf6 {and following up with Bf5 Bblack has nothing to fear.}) 28... Qb3 $2 ({
The decisive mistake, the reason 27.Bg6 is a bad move is because of} 28... Bf5
$1 29. Nh7 (29. Nf7+ Rxf7 30. Bxf7 Qf8 31. Bg6 Nd5 32. Qg5 Bxg6 33. hxg6 {
transposes to 29.Nh7}) (29. Rh1 Nc4 30. Qe1 Qa2 {and Black is in time with his
counterplay.}) 29... Bxg6 30. Nxf8 (30. hxg6 Rf5 31. Ng5 Nd5 {leads to nothing
for White}) 30... Qxf8 31. hxg6 Nd5 32. Qg5 Qf4+ 33. Qxf4 Nxf4 34. Bg5 g3+ $1
35. fxg3 Nxg6 {which should be a draw.}) 29. Qd3 Qg8 30. Rh1 $5 {All the
pieces join the attack! And altough my computer insists on the perhaps even
more convincing 30.Re1 (with the idea of pushing e5-e6) I prefer the move in
the game for it's estatic value.} Ra7 ({The alternative is} 30... Nd5 {but} 31.
Qd2 $1 Bf5 ({or} 31... Ne7 32. e6 Nf5 33. Nf7+ Rxf7 34. exf7 Qf8 35. Re1 Bd7
36. Qg5) (31... Nc7 32. Ne4 $1 Qd5 33. h6 Ne6 34. Kg1 {and in both cases White
crashed through.}) 32. Bg3 $1 {Clearing the h-file and keeping an eye on the
e5 square after a subsequent e5-e6.} a4 33. Kg2 Ne7 ({or} 33... a3 34. e6 $1 a2
35. Be5 {and if black queens, white will mate in 3.}) 34. e6 $1 Bxe6 35. Be5
Bd5+ 36. f3 $1 Rf6 37. Bxf6 gxf6 38. Nf7+ {forces Black to give the queen.})
31. Kg1 a4 32. h6 Qc4 ({After} 32... gxh6 33. e6 $1 {is decisive, for example:}
hxg5 34. Bxg5+ Kg7 35. Bh6+ Kf6 36. Qf5+ Ke7 37. Bg5+ Kd6 38. Qe5#) (32... a3 {
is the best try, but White remains on top;} 33. hxg7+ Kxg7 (33... Qxg7 34. Ne6
$1 a2 35. Bf6+) 34. Bh7 Bf5 35. Bxf5 a2 36. Kg2 $1 a1=Q 37. Rxa1 Rxa1 38. Ne6+
Kf7 39. Qe3 $1 {when there is no defence against Qh6. Obviously I had not seen
al these lines, and those mentioned above, during the game. You must sometimes
trust your instinct!}) 33. Qc2 Qb3 34. Qd3 Qc4 35. Qd2 a3 36. Nf7+ $1 Rfxf7 37.
hxg7+ Kg8 38. Qh6 ({It is strange that I missed the faster} 38. Bh7+ Kxg7 (
38... Kxh7 39. Bf6+ Kg8 40. Rh8#) 39. Qg5+ Kxh7 40. Bg3# {indicated to me by
Rini Kuijf after the game.}) 38... Rxg7 39. Be7 $1 {A nice finish to a highly
interesting game!} 1-0